Model perspectives : (Record no. 607822)
[ view plain ]
| 000 -LEADER | |
|---|---|
| fixed length control field | 01094cam a2200301 i 4500 |
| 001 - CONTROL NUMBER | |
| control field | 18950132 |
| 003 - CONTROL NUMBER IDENTIFIER | |
| control field | OSt |
| 005 - DATE AND TIME OF LATEST TRANSACTION | |
| control field | 20240216113851.0 |
| 008 - FIXED-LENGTH DATA ELEMENTS--GENERAL INFORMATION | |
| fixed length control field | 160128s2017 enk 001 0 eng |
| 010 ## - LIBRARY OF CONGRESS CONTROL NUMBER | |
| LC control number | 2016003816 |
| 020 ## - INTERNATIONAL STANDARD BOOK NUMBER | |
| International Standard Book Number | 9780415731935 (hb : alk. paper) |
| 020 ## - INTERNATIONAL STANDARD BOOK NUMBER | |
| International Standard Book Number | 9780415731942 (pb : alk. paper) |
| 040 ## - CATALOGING SOURCE | |
| Original cataloging agency | DLC |
| Language of cataloging | eng |
| Transcribing agency | DLC |
| Description conventions | rda |
| Modifying agency | DLC |
| 042 ## - AUTHENTICATION CODE | |
| Authentication code | pcc |
| 050 00 - LIBRARY OF CONGRESS CALL NUMBER | |
| Classification number | NA2540 |
| Item number | .C78 2017 |
| 082 00 - DEWEY DECIMAL CLASSIFICATION NUMBER | |
| Classification number | 720 |
| Edition number | 23 |
| Author Mark | CRU |
| 100 1# - MAIN ENTRY--PERSONAL NAME | |
| Personal name | Cruvellier, Mark, |
| Relator term | author. |
| 9 (RLIN) | 120655 |
| 245 10 - TITLE STATEMENT | |
| Title | Model perspectives : |
| Remainder of title | structure, architecture and culture / |
| Statement of responsibility, etc. | Mark R. Cruvellier, Bjorn N. Sandaker, Luben Dimcheff. |
| 260 ## - PUBLICATION, DISTRIBUTION, ETC. | |
| Place of publication, distribution, etc. | London: |
| Name of publisher, distributor, etc. | Routledge; |
| Date of publication, distribution, etc. | 2017. |
| 300 ## - PHYSICAL DESCRIPTION | |
| Extent | xi, 427 pages ; |
| Dimensions | 27 cm |
| 500 ## - GENERAL NOTE | |
| General note | Includes index. |
| 650 #0 - SUBJECT ADDED ENTRY--TOPICAL TERM | |
| Topical term or geographic name entry element | Architecture |
| General subdivision | Themes, motives. |
| 9 (RLIN) | 32592 |
| 700 1# - ADDED ENTRY--PERSONAL NAME | |
| Personal name | Sandaker, Bjørn Normann, |
| Dates associated with a name | 1954- |
| Relator term | author. |
| 9 (RLIN) | 120656 |
| 700 1# - ADDED ENTRY--PERSONAL NAME | |
| Personal name | Dimcheff, Luben, |
| Relator term | author. |
| 9 (RLIN) | 120657 |
| 906 ## - LOCAL DATA ELEMENT F, LDF (RLIN) | |
| a | 7 |
| b | cbc |
| c | orignew |
| d | 1 |
| e | ecip |
| f | 20 |
| g | y-gencatlg |
| 942 ## - ADDED ENTRY ELEMENTS (KOHA) | |
| Source of classification or shelving scheme | |
| Koha item type | Book |
| Institution code [OBSOLETE] | SADA |
| Call number prefix | 720 CRU 2017 |
| Withdrawn status | Lost status | Source of classification or shelving scheme | Damaged status | Not for loan | Permanent Location | Current Location | Date acquired | Source of acquisition | Total Checkouts | Full call number | Barcode | Date last seen | Cost, replacement price | Price effective from | Koha item type |
|---|---|---|---|---|---|---|---|---|---|---|---|---|---|---|---|
| School of Art Design and Architecture (SADA) | School of Art Design and Architecture (SADA) | 06/12/2017 | Pak Book | 720 CRU 2017 | SADA0002741 | 02/16/2024 | 3953.71 | 02/16/2024 | Book |
